[Event "Russian Blitz Team Championship (w)"]
[Site "Sochi"]
[Date "2022.10.17"]
[Round "5.5"]
[White "Shuvalova, Polina"]
[Black "Nasyrova, Ekaterina"]
[Result "1/2-1/2"]
[BlackElo "2075"]
[WhiteElo "2392"]
[LiveChessVersion "1.4.8"]

1. d4 {[%clk 0:03:02]} d5 {[%clk 0:03:03]} 2. Nf3 {[%clk 0:03:03]} Nf6
{[%clk 0:03:03]} 3. Bf4 {[%clk 0:03:04]} c5 {[%clk 0:03:03]} 4. e3
{[%clk 0:03:05]} e6 {[%clk 0:02:59]} 5. Nbd2 {[%clk 0:03:06]} Nc6
{[%clk 0:02:59]} 6. c3 {[%clk 0:03:07]} Be7 {[%clk 0:02:57]} 7. Bd3
{[%clk 0:03:06]} O-O {[%clk 0:02:52]} 8. h4 {[%clk 0:03:03]} Re8 {[%clk 0:02:23]}
9. h5 {[%clk 0:03:01]} Bd6 {[%clk 0:02:12]} 10. h6 {[%clk 0:02:57]} g6
{[%clk 0:02:02]} 11. Bg5 {[%clk 0:02:51]} e5 {[%clk 0:01:59]} 12. dxe5
{[%clk 0:02:44]} Nxe5 {[%clk 0:01:57]} 13. Nxe5 {[%clk 0:02:44]} Bxe5
{[%clk 0:01:58]} 14. Qe2 {[%clk 0:02:39]} Bg4 {[%clk 0:00:14]} 15. Nf3
{[%clk 0:02:32]} c4 {[%clk 0:00:12]} 16. Bc2 {[%clk 0:02:32]} Qb6
{[%clk 0:00:12]} 17. O-O-O {[%clk 0:02:25]} Ne4 {[%clk 0:00:10]} 18. Bh4
{[%clk 0:02:05]} Qa5 {[%clk 0:00:08]} 19. Qe1 {[%clk 0:00:53]} Bxc3
{[%clk 0:00:05]} 20. Rd2 {[%clk 0:00:21]} Nxd2 {[%clk 0:00:05]} 21. Nxd2
{[%clk 0:00:21]} Bxd2+ {[%clk 0:00:05]} 22. Qxd2 {[%clk 0:00:22]} Qxd2+
{[%clk 0:00:05]} 23. Kxd2 {[%clk 0:00:23]} Rac8 {[%clk 0:00:05]} 24. Kc3
{[%clk 0:00:23]} Rc6 {[%clk 0:00:05]} 25. a4 {[%clk 0:00:23]} f6 {[%clk 0:00:06]}
26. Bg3 {[%clk 0:00:22]} Kf7 {[%clk 0:00:07]} 27. a5 {[%clk 0:00:21]} Rce6
{[%clk 0:00:07]} 28. Bf4 {[%clk 0:00:19]} g5 {[%clk 0:00:08]} 29. Bg3
{[%clk 0:00:20]} f5 {[%clk 0:00:08]} 30. Kd2 {[%clk 0:00:04]} f4 {[%clk 0:00:05]}
31. exf4 {[%clk 0:00:05]} gxf4 {[%clk 0:00:07]} 32. Bxf4 {[%clk 0:00:05]} Re2+
{[%clk 0:00:08]} 33. Kc3 {[%clk 0:00:06]} Rxf2 {[%clk 0:00:09]} 34. Bg5
{[%clk 0:00:03]} Ree2 {[%clk 0:00:09]} 35. Bxh7 {[%clk 0:00:03]} Rxg2
{[%clk 0:00:08]} 36. Bb1 {[%clk 0:00:03]} Rg3+ {[%clk 0:00:08]} 37. Kd4
{[%clk 0:00:04]} Re8 {[%clk 0:00:06]} 38. h7 {[%clk 0:00:05]} Rh8
{[%clk 0:00:07]} 39. Bf4 {[%clk 0:00:05]} Rh3 {[%clk 0:00:04]} 40. Rf1
{[%clk 0:00:06]} R8xh7 {[%clk 0:00:04]} 41. Bxh7 Rxh7 {[%clk 0:00:05]} 42. Bb8+
{[%clk 0:00:06]} Ke6 {[%clk 0:00:05]} 43. Re1+ {[%clk 0:00:06]} Kd7
{[%clk 0:00:06]} 44. Kxd5 {[%clk 0:00:06]} Bf3+ {[%clk 0:00:04]} 45. Kxc4
{[%clk 0:00:06]} Rh4+ {[%clk 0:00:05]} 46. Kc3 {[%clk 0:00:06]} a6 47. Ba7
{[%clk 0:00:06]} Bc6 {[%clk 0:00:06]} 48. Bb6 {[%clk 0:00:07]} Rh3+
{[%clk 0:00:07]} 49. Kd4 {[%clk 0:00:06]} Rh4+ {[%clk 0:00:07]} 50. Kc3
{[%clk 0:00:07]} Rh3+ {[%clk 0:00:08]} 51. Kb4 {[%clk 0:00:07]} Rh4+
{[%clk 0:00:09]} 52. Ka3 {[%clk 0:00:08]} Rh3+ {[%clk 0:00:09]} 53. Kb4
{[%clk 0:00:07]} Rh4+ {[%clk 0:00:10]} 54. Kc3 {[%clk 0:00:08]} Rh3+
{[%clk 0:00:11]} 55. Kd2 {[%clk 0:00:09]} Rh2+ {[%clk 0:00:11]} 56. Kc1
{[%clk 0:00:11]} Kd6 {[%clk 0:00:11]} 57. Be3 {[%clk 0:00:09]} Kd5
{[%clk 0:00:11]} 58. Rd1+ {[%clk 0:00:07]} Kc4 {[%clk 0:00:12]} 59. Rd4+
{[%clk 0:00:06]} Kb5 {[%clk 0:00:09]} 60. Bd2 {[%clk 0:00:06]} Rh1+
{[%clk 0:00:07]} 61. Kc2 {[%clk 0:00:08]} Rh2 {[%clk 0:00:07]} 62. Kb3
{[%clk 0:00:06]} Kc5 {[%clk 0:00:04]} 63. Bc3 {[%clk 0:00:06]} Bd5+
{[%clk 0:00:05]} 64. Ka3 {[%clk 0:00:06]} Rh3 {[%clk 0:00:05]} 65. Rf4
{[%clk 0:00:04]} Bc6 {[%clk 0:00:06]} 66. Rf5+ {[%clk 0:00:03]} Kd6
{[%clk 0:00:07]} 67. Rf6+ {[%clk 0:00:04]} Kc7 {[%clk 0:00:04]} 68. Kb4
{[%clk 0:00:05]} Rh4+ {[%clk 0:00:05]} 69. Kc5 {[%clk 0:00:05]} Rh5+
{[%clk 0:00:06]} 70. Kd4 {[%clk 0:00:06]} Rh4+ {[%clk 0:00:06]} 71. Ke5
{[%clk 0:00:08]} Re4+ {[%clk 0:00:05]} 72. Kf5 {[%clk 0:00:09]} Re2
{[%clk 0:00:05]} 73. Be5+ {[%clk 0:00:09]} Kd7 {[%clk 0:00:05]} 74. Rf7+
{[%clk 0:00:10]} Ke8 {[%clk 0:00:05]} 75. Rg7 {[%clk 0:00:09]} Bd7+
{[%clk 0:00:05]} 76. Kf4 {[%clk 0:00:07]} Rf2+ {[%clk 0:00:05]} 77. Ke3
{[%clk 0:00:09]} Rc2 {[%clk 0:00:05]} 78. Bd4 {[%clk 0:00:07]} Bc6
{[%clk 0:00:05]} 79. Kf4 {[%clk 0:00:04]} Re2 {[%clk 0:00:05]} 80. Be5
{[%clk 0:00:04]} Re4+ {[%clk 0:00:06]} 81. Kf5 {[%clk 0:00:05]} Re2
{[%clk 0:00:03]} 82. Ke6 {[%clk 0:00:06]} Rf2 {[%clk 0:00:03]} 83. Rg8+
{[%clk 0:00:06]} Rf8 {[%clk 0:00:04]} 84. Rg7 {[%clk 0:00:06]} Rh8
{[%clk 0:00:03]} 85. Rc7 {[%clk 0:00:04]} Rh6+ {[%clk 0:00:04]} 86. Bf6
{[%clk 0:00:04]} Bd5+ {[%clk 0:00:04]} 87. Kxd5 {[%clk 0:00:04]} Rxf6
{[%clk 0:00:06]} 88. b4 {[%clk 0:00:03]} Rf5+ {[%clk 0:00:05]} 89. Kc4
{[%clk 0:00:03]} Rb5 {[%clk 0:00:06]} 90. Rc5 {[%clk 0:00:03]} Rxc5+ 91. Kxc5
{[%clk 0:00:04]} Kd7 {[%clk 0:00:07]} 92. Kb6 {[%clk 0:00:05]} Kc8
{[%clk 0:00:09]} 93. b5 {[%clk 0:00:05]} axb5 {[%clk 0:00:09]} 94. Kxb5
{[%clk 0:00:06]} Kb8 {[%clk 0:00:10]} 95. a6 {[%clk 0:00:07]} bxa6+
{[%clk 0:00:11]} 96. Kxa6 {[%clk 0:00:08]} 1/2-1/2

[Event "Russian Blitz Team Championship (w)"]
[Site "Sochi"]
[Date "2022.10.17"]
[Round "5.6"]
[White "Shafigullina, Zarina"]
[Black "Gunina, Valentina"]
[Result "0-1"]
[BlackElo "2376"]
[WhiteElo "2143"]
[LiveChessVersion "1.4.8"]

1. d4 {[%clk 0:03:03]} d5 {[%clk 0:03:03]} 2. Nf3 {[%clk 0:03:04]} Nf6
{[%clk 0:03:04]} 3. Bf4 {[%clk 0:03:04]} c5 {[%clk 0:03:04]} 4. e3
{[%clk 0:03:06]} Nc6 {[%clk 0:03:04]} 5. Nbd2 {[%clk 0:03:07]} Qb6
{[%clk 0:03:05]} 6. dxc5 {[%clk 0:03:07]} Qxb2 {[%clk 0:03:05]} 7. Rb1
{[%clk 0:03:07]} Qc3 {[%clk 0:03:06]} 8. Bb5 {[%clk 0:03:08]} g6 {[%clk 0:03:07]}
9. O-O {[%clk 0:02:24]} Bg7 {[%clk 0:03:07]} 10. Nb3 {[%clk 0:02:21]} O-O
{[%clk 0:02:54]} 11. Bxc6 {[%clk 0:02:19]} bxc6 {[%clk 0:02:55]} 12. Be5
{[%clk 0:02:20]} Qc4 {[%clk 0:02:55]} 13. Qd3 {[%clk 0:02:15]} Ba6
{[%clk 0:02:52]} 14. Rfd1 {[%clk 0:02:07]} Ne4 {[%clk 0:02:39]} 15. Bxg7
{[%clk 0:02:05]} Kxg7 {[%clk 0:02:40]} 16. Ra1 {[%clk 0:01:31]} Rfc8
{[%clk 0:02:16]} 17. Ne5 {[%clk 0:01:25]} Qxd3 {[%clk 0:01:59]} 18. cxd3
{[%clk 0:01:25]} Nc3 {[%clk 0:02:00]} 19. Rd2 {[%clk 0:01:24]} f6
{[%clk 0:02:01]} 20. Nf3 {[%clk 0:01:19]} e5 {[%clk 0:02:01]} 21. Rc1
{[%clk 0:01:09]} Na4 {[%clk 0:01:56]} 22. d4 {[%clk 0:01:02]} e4 {[%clk 0:01:57]}
23. Ne1 {[%clk 0:01:01]} Rab8 {[%clk 0:01:57]} 24. h4 {[%clk 0:00:46]} f5
{[%clk 0:01:40]} 25. g3 {[%clk 0:00:45]} h6 {[%clk 0:01:40]} 26. f3
{[%clk 0:00:39]} g5 {[%clk 0:01:24]} 27. g4 {[%clk 0:00:33]} exf3
{[%clk 0:01:12]} 28. Nxf3 fxg4 {[%clk 0:01:12]} 29. Ne5 {[%clk 0:00:20]} gxh4
{[%clk 0:01:13]} 30. Nxg4 {[%clk 0:00:18]} Rf8 {[%clk 0:00:53]} 31. Ne5
{[%clk 0:00:19]} Rf6 {[%clk 0:00:53]} 32. Kh2 {[%clk 0:00:11]} Rbf8
{[%clk 0:00:46]} 33. Rg1+ {[%clk 0:00:05]} Kh7 {[%clk 0:00:47]} 34. Kh3
{[%clk 0:00:04]} Nc3 {[%clk 0:00:44]} 35. Rdg2 {[%clk 0:00:05]} Bf1
{[%clk 0:00:42]} 36. Kxh4 {[%clk 0:00:03]} Bxg2 {[%clk 0:00:42]} 37. Rxg2
{[%clk 0:00:05]} Ne4 {[%clk 0:00:40]} 38. Na5 {[%clk 0:00:06]} Rf1
{[%clk 0:00:41]} 39. Ng4 {[%clk 0:00:03]} Rg8 {[%clk 0:00:37]} 40. Nxc6
{[%clk 0:00:03]} Rh1+ {[%clk 0:00:38]} 41. Rh2 {[%clk 0:00:04]} Rxg4+
{[%clk 0:00:39]} 42. Kxg4 {[%clk 0:00:05]} Rxh2 {[%clk 0:00:40]} 43. Kf5
{[%clk 0:00:05]} Rxa2 {[%clk 0:00:34]} 44. Ne7 {[%clk 0:00:06]} Rc2
{[%clk 0:00:29]} 45. Nxd5 {[%clk 0:00:04]} Nxc5 {[%clk 0:00:30]} 46. dxc5
{[%clk 0:00:06]} Rxc5 {[%clk 0:00:31]} 47. Ke5 {[%clk 0:00:06]} h5
{[%clk 0:00:29]} 48. Kd6 {[%clk 0:00:06]} Rxd5+ {[%clk 0:00:23]} 49. Kxd5
{[%clk 0:00:07]} h4 {[%clk 0:00:24]} 50. Ke4 {[%clk 0:00:04]} a5 {[%clk 0:00:25]}
51. Kf4 {[%clk 0:00:03]} a4 {[%clk 0:00:26]} 52. e4 {[%clk 0:00:05]} a3
{[%clk 0:00:27]} 53. e5 {[%clk 0:00:06]} a2 {[%clk 0:00:28]} 54. e6
{[%clk 0:00:08]} a1=Q {[%clk 0:00:28]} 55. e7 {[%clk 0:00:09]} Qf6+ 0-1

[Event "Russian Blitz Team Championship (w)"]
[Site "Sochi"]
[Date "2022.10.17"]
[Round "5.7"]
[White "Badelka, Olga"]
[Black "Yakimova, Mariya"]
[Result "1/2-1/2"]
[BlackElo "2134"]
[WhiteElo "2316"]
[LiveChessVersion "1.4.8"]

1. c4 {[%clk 0:03:03]} Nf6 {[%clk 0:03:03]} 2. Nc3 {[%clk 0:03:04]} g6
{[%clk 0:03:04]} 3. d4 {[%clk 0:03:02]} Bg7 {[%clk 0:03:05]} 4. e4
{[%clk 0:03:03]} d6 {[%clk 0:03:06]} 5. Nf3 {[%clk 0:03:01]} O-O {[%clk 0:03:07]}
6. Be2 {[%clk 0:03:02]} e5 {[%clk 0:03:07]} 7. O-O {[%clk 0:02:59]} Nc6
{[%clk 0:03:08]} 8. d5 {[%clk 0:02:59]} Ne7 {[%clk 0:03:09]} 9. b4
{[%clk 0:02:58]} Nh5 {[%clk 0:03:10]} 10. c5 {[%clk 0:02:50]} Nf4
{[%clk 0:03:00]} 11. Re1 {[%clk 0:02:31]} f5 {[%clk 0:02:51]} 12. Bxf4
{[%clk 0:01:25]} exf4 {[%clk 0:02:52]} 13. Rc1 {[%clk 0:01:17]} Bxc3
{[%clk 0:02:13]} 14. Rxc3 {[%clk 0:01:18]} fxe4 {[%clk 0:02:14]} 15. Ng5
{[%clk 0:01:20]} f3 {[%clk 0:02:15]} 16. gxf3 {[%clk 0:01:18]} exf3
{[%clk 0:02:14]} 17. Bxf3 {[%clk 0:01:16]} Nf5 {[%clk 0:02:04]} 18. Ne6
{[%clk 0:00:56]} Qf6 {[%clk 0:01:24]} 19. Nxf8 {[%clk 0:00:50]} Qxc3
{[%clk 0:01:16]} 20. Ne6 {[%clk 0:00:36]} Nh4 {[%clk 0:00:27]} 21. Re3
{[%clk 0:00:25]} Qxb4 {[%clk 0:00:16]} 22. Nxc7 {[%clk 0:00:22]} Rb8
{[%clk 0:00:17]} 23. Re8+ {[%clk 0:00:06]} Kf7 {[%clk 0:00:15]} 24. Rh8
{[%clk 0:00:05]} h5 {[%clk 0:00:05]} 25. Rh7+ {[%clk 0:00:05]} Kg8
{[%clk 0:00:06]} 26. Re7 {[%clk 0:00:04]} Bf5 {[%clk 0:00:05]} 27. Be2
{[%clk 0:00:03]} Qxc5 {[%clk 0:00:05]} 28. Ne6 {[%clk 0:00:04]} Rc8
{[%clk 0:00:05]} 29. Rg7+ {[%clk 0:00:04]} Kh8 {[%clk 0:00:07]} 30. Rxb7
{[%clk 0:00:03]} Qc1 {[%clk 0:00:07]} 31. Rb1 Qc3 {[%clk 0:00:05]} 32. Ra1
{[%clk 0:00:05]} Qe5 {[%clk 0:00:05]} 33. Qd4 {[%clk 0:00:04]} Bxe6
{[%clk 0:00:05]} 34. Qxe5+ {[%clk 0:00:06]} dxe5 35. dxe6 {[%clk 0:00:07]} Rc6
{[%clk 0:00:06]} 36. Rd1 {[%clk 0:00:05]} Rxe6 {[%clk 0:00:06]} 37. Rd8+
{[%clk 0:00:06]} Kg7 {[%clk 0:00:07]} 38. Rd7+ {[%clk 0:00:07]} Kf6
{[%clk 0:00:09]} 39. Rxa7 {[%clk 0:00:09]} Nf5 {[%clk 0:00:10]} 40. Bc4
{[%clk 0:00:09]} Rc6 {[%clk 0:00:10]} 41. Bb3 {[%clk 0:00:08]} Rc1+
{[%clk 0:00:10]} 42. Kg2 {[%clk 0:00:09]} Nh4+ {[%clk 0:00:07]} 43. Kg3
{[%clk 0:00:10]} Nf5+ {[%clk 0:00:08]} 44. Kg2 {[%clk 0:00:10]} Nh4+
{[%clk 0:00:09]} 45. Kg3 {[%clk 0:00:12]} Nf5+ {[%clk 0:00:08]} 46. Kg2
{[%clk 0:00:12]} Nh4+ {[%clk 0:00:09]} 47. Kg3 {[%clk 0:00:13]} Nf5+ 1/2-1/2

[Event "Russian Blitz Team Championship (w)"]
[Site "Sochi"]
[Date "2022.10.17"]
[Round "5.8"]
[White "Nur-Mukhametova, Alisa"]
[Black "Charochkina, Daria"]
[Result "1/2-1/2"]
[BlackElo "2282"]
[WhiteElo "2052"]
[LiveChessVersion "1.4.8"]

1. Nf3 {[%clk 0:03:02]} d6 {[%clk 0:03:03]} 2. d4 {[%clk 0:03:02]} Nf6
{[%clk 0:03:03]} 3. c4 {[%clk 0:03:02]} g6 {[%clk 0:03:00]} 4. Nc3
{[%clk 0:03:02]} Bf5 {[%clk 0:03:01]} 5. Qb3 {[%clk 0:02:57]} b6 {[%clk 0:03:02]}
6. g3 {[%clk 0:02:55]} Bg7 {[%clk 0:02:54]} 7. Bg2 {[%clk 0:02:17]} Nc6
{[%clk 0:02:54]} 8. O-O {[%clk 0:01:19]} O-O {[%clk 0:02:53]} 9. Qd1
{[%clk 0:01:13]} Rb8 {[%clk 0:02:21]} 10. Nh4 {[%clk 0:01:02]} Bd7
{[%clk 0:02:19]} 11. d5 {[%clk 0:00:28]} Na5 {[%clk 0:02:19]} 12. Qd3
{[%clk 0:00:20]} c5 {[%clk 0:02:01]} 13. b3 {[%clk 0:00:10]} a6 {[%clk 0:01:51]}
14. Bb2 {[%clk 0:00:04]} b5 {[%clk 0:01:53]} 15. Rab1 {[%clk 0:00:04]} Ng4
{[%clk 0:01:48]} 16. Nf3 {[%clk 0:00:03]} Qc7 17. Ba1 Rb7 {[%clk 0:01:09]} 18. h3
{[%clk 0:00:06]} Nf6 {[%clk 0:01:05]} 19. Nd2 {[%clk 0:00:07]} Rfb8
{[%clk 0:01:05]} 20. e4 {[%clk 0:00:05]} bxc4 {[%clk 0:00:54]} 21. bxc4
{[%clk 0:00:06]} Rb4 {[%clk 0:00:55]} 22. a3 {[%clk 0:00:04]} Rxb1
{[%clk 0:00:33]} 23. Rxb1 {[%clk 0:00:05]} Ne8 {[%clk 0:00:32]} 24. Qc2
{[%clk 0:00:04]} Rb7 {[%clk 0:00:21]} 25. Kh2 {[%clk 0:00:05]} Qb8
{[%clk 0:00:21]} 26. Rxb7 {[%clk 0:00:06]} Qxb7 {[%clk 0:00:22]} 27. Bb2
{[%clk 0:00:04]} Bd4 {[%clk 0:00:18]} 28. Bc1 {[%clk 0:00:05]} Bxf2
{[%clk 0:00:18]} 29. Nf3 {[%clk 0:00:05]} Bd4 {[%clk 0:00:18]} 30. Nxd4
{[%clk 0:00:06]} cxd4 {[%clk 0:00:20]} 31. Ne2 {[%clk 0:00:06]} Qc7
{[%clk 0:00:15]} 32. Nxd4 {[%clk 0:00:06]} Nxc4 {[%clk 0:00:12]} 33. Bf1
{[%clk 0:00:06]} Ne5 {[%clk 0:00:13]} 34. Qxc7 Nxc7 {[%clk 0:00:14]} 35. Bd2
{[%clk 0:00:05]} Nb5 {[%clk 0:00:10]} 36. Nc2 {[%clk 0:00:04]} Nf3+
{[%clk 0:00:11]} 37. Kg2 {[%clk 0:00:05]} Nxd2 {[%clk 0:00:12]} 38. a4
{[%clk 0:00:04]} Nc3 {[%clk 0:00:10]} 39. Bxa6 {[%clk 0:00:04]} Nxa4
{[%clk 0:00:11]} 40. Nd4 {[%clk 0:00:03]} Nxe4 {[%clk 0:00:08]} 41. Kf3
{[%clk 0:00:04]} Nec5 {[%clk 0:00:09]} 42. Bf1 {[%clk 0:00:05]} Nc3
{[%clk 0:00:10]} 1/2-1/2

[Event "Russian Blitz Team Championship (w)"]
[Site "Sochi"]
[Date "2022.10.17"]
[Round "5.9"]
[White "Voit, Daria"]
[Black "Kleymenova, Valeria"]
[Result "1/2-1/2"]
[BlackElo "2041"]
[WhiteElo "2247"]
[LiveChessVersion "1.4.8"]

1. d4 {[%clk 0:03:03]} Nf6 {[%clk 0:03:04]} 2. c4 {[%clk 0:03:04]} e6
{[%clk 0:03:05]} 3. Nf3 {[%clk 0:03:04]} d5 {[%clk 0:03:06]} 4. g3
{[%clk 0:03:05]} Be7 {[%clk 0:03:07]} 5. Bg2 {[%clk 0:03:06]} O-O
{[%clk 0:03:05]} 6. O-O {[%clk 0:03:06]} c6 {[%clk 0:03:03]} 7. Qc2
{[%clk 0:03:05]} b6 {[%clk 0:03:04]} 8. Bf4 {[%clk 0:03:03]} Ba6 {[%clk 0:03:01]}
9. b3 {[%clk 0:02:20]} Nbd7 {[%clk 0:03:02]} 10. Rd1 {[%clk 0:02:14]} Rc8
{[%clk 0:03:03]} 11. Ne5 {[%clk 0:02:10]} Nxe5 {[%clk 0:02:50]} 12. dxe5
{[%clk 0:02:10]} Nd7 {[%clk 0:02:49]} 13. h4 {[%clk 0:02:06]} Qc7
{[%clk 0:02:44]} 14. cxd5 {[%clk 0:02:02]} cxd5 {[%clk 0:02:37]} 15. Qxc7
{[%clk 0:02:02]} Rxc7 {[%clk 0:02:37]} 16. e4 {[%clk 0:01:58]} dxe4
{[%clk 0:02:28]} 17. Bxe4 {[%clk 0:01:54]} Nc5 {[%clk 0:02:21]} 18. Nc3
{[%clk 0:01:40]} Nxe4 {[%clk 0:02:06]} 19. Nxe4 {[%clk 0:01:41]} Bb7
{[%clk 0:02:01]} 20. Nd6 {[%clk 0:01:35]} Bd5 {[%clk 0:01:25]} 21. Rac1
{[%clk 0:01:36]} Rd7 {[%clk 0:01:18]} 22. Rc2 {[%clk 0:01:22]} f6
{[%clk 0:00:59]} 23. Nb5 {[%clk 0:00:57]} Bc5 {[%clk 0:00:39]} 24. Nc3
{[%clk 0:00:48]} fxe5 {[%clk 0:00:33]} 25. Bxe5 {[%clk 0:00:48]} Rfd8
{[%clk 0:00:19]} 1/2-1/2

[Event "Russian Blitz Team Championship (w)"]
[Site "Sochi"]
[Date "2022.10.17"]
[Round "5.10"]
[White "Aleshina, Arina"]
[Black "Bivol, Alina"]
[Result "0-1"]
[BlackElo "2264"]
[WhiteElo "1705"]
[LiveChessVersion "1.4.8"]

1. e4 {[%clk 0:03:03]} e6 {[%clk 0:02:59]} 2. Nc3 {[%clk 0:03:03]} d5
{[%clk 0:02:58]} 3. Qe2 {[%clk 0:03:05]} dxe4 {[%clk 0:02:28]} 4. Nxe4
{[%clk 0:03:05]} Be7 {[%clk 0:02:29]} 5. g3 {[%clk 0:03:04]} Nf6 {[%clk 0:02:26]}
6. d3 {[%clk 0:03:03]} O-O {[%clk 0:02:25]} 7. Bg2 {[%clk 0:03:03]} c5
{[%clk 0:02:25]} 8. Nf3 {[%clk 0:03:04]} Nc6 {[%clk 0:02:25]} 9. O-O
{[%clk 0:03:03]} e5 {[%clk 0:02:23]} 10. Bd2 {[%clk 0:02:18]} Bg4
{[%clk 0:02:19]} 11. c3 {[%clk 0:02:14]} Qd7 {[%clk 0:02:17]} 12. Be3
{[%clk 0:01:59]} b6 {[%clk 0:02:16]} 13. Rfd1 {[%clk 0:01:32]} Rad8
{[%clk 0:02:17]} 14. Rd2 {[%clk 0:01:27]} h6 {[%clk 0:02:02]} 15. Qf1
{[%clk 0:01:21]} Nxe4 {[%clk 0:01:57]} 16. dxe4 {[%clk 0:01:20]} Qe6
{[%clk 0:01:57]} 17. Rxd8 {[%clk 0:01:17]} Rxd8 {[%clk 0:01:57]} 18. h3
{[%clk 0:01:17]} Bh5 {[%clk 0:01:24]} 19. Nd2 {[%clk 0:01:03]} f6
{[%clk 0:01:13]} 20. f4 {[%clk 0:00:59]} exf4 {[%clk 0:01:10]} 21. gxf4
{[%clk 0:01:00]} Bf7 {[%clk 0:01:01]} 22. Nb3 {[%clk 0:00:49]} Qc4
{[%clk 0:00:42]} 23. Qxc4 {[%clk 0:00:48]} Bxc4 {[%clk 0:00:43]} 24. Kf2
{[%clk 0:00:45]} Bf8 {[%clk 0:00:36]} 25. Nd2 {[%clk 0:00:42]} Bf7
{[%clk 0:00:37]} 26. Bf3 {[%clk 0:00:40]} b5 {[%clk 0:00:35]} 27. Nb3
{[%clk 0:00:37]} c4 {[%clk 0:00:22]} 28. Nd4 {[%clk 0:00:37]} Nxd4
{[%clk 0:00:23]} 29. Bxd4 {[%clk 0:00:37]} a5 30. Rd1 {[%clk 0:00:30]} b4
{[%clk 0:00:23]} 31. Bb6 {[%clk 0:00:30]} Rb8 {[%clk 0:00:15]} 32. Bxa5
{[%clk 0:00:30]} Ra8 {[%clk 0:00:15]} 33. Bxb4 {[%clk 0:00:30]} Bxb4
{[%clk 0:00:15]} 34. cxb4 {[%clk 0:00:31]} Rxa2 {[%clk 0:00:16]} 35. Rd2
{[%clk 0:00:31]} c3 {[%clk 0:00:17]} 36. Rd8+ {[%clk 0:00:30]} Kh7
{[%clk 0:00:18]} 37. e5 {[%clk 0:00:21]} cxb2 {[%clk 0:00:13]} 38. Be4+
{[%clk 0:00:19]} Bg6 {[%clk 0:00:14]} 39. Bxg6+ {[%clk 0:00:15]} Kxg6
{[%clk 0:00:14]} 0-1

[Event "Russian Blitz Team Championship (w)"]
[Site "Sochi"]
[Date "2022.10.17"]
[Round "5.11"]
[White "Kovalevskaya, Ekaterina"]
[Black "Baranova, Elizaveta"]
[Result "1-0"]
[BlackElo "1846"]
[WhiteElo "2254"]
[LiveChessVersion "1.4.8"]

1. Nf3 {[%clk 0:03:03]} d5 {[%clk 0:03:02]} 2. g3 {[%clk 0:03:04]} Nc6
{[%clk 0:02:59]} 3. d4 {[%clk 0:03:04]} Bf5 {[%clk 0:03:00]} 4. Bg2
{[%clk 0:03:02]} e6 {[%clk 0:02:58]} 5. O-O {[%clk 0:03:01]} Nb4 {[%clk 0:02:59]}
6. Na3 {[%clk 0:03:01]} c6 {[%clk 0:03:00]} 7. c3 {[%clk 0:02:51]} Na6
{[%clk 0:03:01]} 8. Nc2 {[%clk 0:02:52]} Nf6 {[%clk 0:03:01]} 9. Ne5
{[%clk 0:02:50]} Be7 {[%clk 0:02:45]} 10. Ne3 {[%clk 0:02:47]} Be4
{[%clk 0:02:39]} 11. f3 {[%clk 0:02:22]} Bg6 {[%clk 0:02:40]} 12. g4
{[%clk 0:02:02]} Bd6 {[%clk 0:02:25]} 13. h4 {[%clk 0:01:25]} h5 {[%clk 0:01:57]}
14. Nxg6 {[%clk 0:01:16]} fxg6 {[%clk 0:01:58]} 15. g5 {[%clk 0:01:17]} Ng8
{[%clk 0:01:50]} 16. Bh3 {[%clk 0:01:12]} Qd7 {[%clk 0:01:42]} 17. Ng2
{[%clk 0:01:08]} Ne7 {[%clk 0:01:29]} 18. e4 {[%clk 0:01:07]} O-O-O
{[%clk 0:01:27]} 19. Qe2 Rde8 {[%clk 0:01:08]} 20. Re1 {[%clk 0:00:39]} dxe4
{[%clk 0:00:54]} 21. fxe4 {[%clk 0:00:35]} Bg3 {[%clk 0:00:40]} 22. Rf1
{[%clk 0:00:35]} Rhf8 {[%clk 0:00:37]} 23. Bf4 {[%clk 0:00:30]} Bxf4
{[%clk 0:00:31]} 24. Nxf4 {[%clk 0:00:31]} Nc7 {[%clk 0:00:27]} 25. Qc4
{[%clk 0:00:28]} Qd6 {[%clk 0:00:16]} 26. e5 {[%clk 0:00:27]} Qd8
{[%clk 0:00:16]} 27. Nxe6 {[%clk 0:00:24]} Nxe6 {[%clk 0:00:14]} 28. Qxe6+
{[%clk 0:00:24]} Kb8 {[%clk 0:00:12]} 29. Rxf8 {[%clk 0:00:21]} Rxf8
{[%clk 0:00:13]} 30. Rf1 {[%clk 0:00:18]} Rxf1+ {[%clk 0:00:13]} 31. Kxf1
{[%clk 0:00:19]} Qf8+ {[%clk 0:00:14]} 32. Ke2 {[%clk 0:00:16]} Nd5
{[%clk 0:00:15]} 33. Ke1 {[%clk 0:00:08]} Nf4 {[%clk 0:00:15]} 34. Qd7
{[%clk 0:00:08]} Nxh3 {[%clk 0:00:15]} 35. Qxh3 {[%clk 0:00:08]} Qf4
{[%clk 0:00:09]} 36. Ke2 {[%clk 0:00:05]} Kc7 {[%clk 0:00:10]} 37. Qe3
{[%clk 0:00:03]} Qh2+ {[%clk 0:00:11]} 38. Kd3 {[%clk 0:00:05]} Qxh4
{[%clk 0:00:11]} 39. e6 {[%clk 0:00:06]} Kd8 {[%clk 0:00:08]} 40. Qe5
{[%clk 0:00:06]} Qh3+ {[%clk 0:00:08]} 41. Kc4 {[%clk 0:00:06]} Qf1+
{[%clk 0:00:08]} 42. Kc5 {[%clk 0:00:04]} Qb5+ {[%clk 0:00:09]} 43. Kd6
{[%clk 0:00:05]} Qxe5+ {[%clk 0:00:05]} 44. Kxe5 {[%clk 0:00:06]} Ke7
{[%clk 0:00:05]} 45. c4 {[%clk 0:00:05]} h4 {[%clk 0:00:04]} 46. Kf4
{[%clk 0:00:06]} Kxe6 {[%clk 0:00:05]} 47. Kg4 {[%clk 0:00:08]} b6
{[%clk 0:00:04]} 48. Kxh4 {[%clk 0:00:08]} Kf5 {[%clk 0:00:06]} 49. Kg3
{[%clk 0:00:07]} Kxg5 {[%clk 0:00:04]} 50. Kf3 {[%clk 0:00:09]} Kf5
{[%clk 0:00:06]} 51. b3 {[%clk 0:00:10]} g5 {[%clk 0:00:07]} 52. a3
{[%clk 0:00:07]} g6 {[%clk 0:00:08]} 53. a4 a6 {[%clk 0:00:07]} 54. b4
{[%clk 0:00:04]} g4+ {[%clk 0:00:08]} 55. Ke3 g5 {[%clk 0:00:09]} 56. b5
{[%clk 0:00:05]} axb5 {[%clk 0:00:08]} 57. c5 {[%clk 0:00:07]} bxc5 58. a5 g3
{[%clk 0:00:07]} 59. a6 {[%clk 0:00:10]} g2 {[%clk 0:00:08]} 60. Kf2
{[%clk 0:00:11]} b4 {[%clk 0:00:09]} 61. a7 {[%clk 0:00:12]} b3 {[%clk 0:00:10]}
62. a8=Q {[%clk 0:00:13]} c4 {[%clk 0:00:08]} 63. Qxc6 {[%clk 0:00:14]} b2
{[%clk 0:00:07]} 64. Qb5+ {[%clk 0:00:15]} c3 {[%clk 0:00:08]} 1-0